Biology : (Record no. 251108)
[ view plain ]
| 000 -LEADER | |
|---|---|
| fixed length control field | 01087cam a22003614a 4500 |
| 001 - CONTROL NUMBER | |
| control field | 7362033 |
| 003 - CONTROL NUMBER IDENTIFIER | |
| control field | OSt |
| 005 - DATE AND TIME OF LATEST TRANSACTION | |
| control field | 20240312162537.0 |
| 008 - FIXED-LENGTH DATA ELEMENTS--GENERAL INFORMATION | |
| fixed length control field | 080102s2009 cauab 001 0 eng |
| 010 ## - LIBRARY OF CONGRESS CONTROL NUMBER | |
| LC control number | 2007052356 |
| 020 ## - INTERNATIONAL STANDARD BOOK NUMBER | |
| International Standard Book Number | 9780321489845 |
| International Standard Book Number | 0321489845 |
| International Standard Book Number | 0321526503 (pbk.) |
| International Standard Book Number | 9780321526502 (pbk.) |
| 029 1# - (OCLC) | |
| OCLC library identifier | NZ1 |
| System control number | 12463313 |
| OCLC library identifier | AU@ |
| System control number | 000042538902 |
| 035 ## - SYSTEM CONTROL NUMBER | |
| System control number | (OCoLC)ocn187300308 |
| System control number | (NNC)7362033 |
| System control number | (OCoLC)187300308 |
| Canceled/invalid control number | (OCoLC)236049884 |
| 040 ## - CATALOGING SOURCE | |
| Original cataloging agency | DLC |
| Transcribing agency | DLC |
| Modifying agency | YDX |
| -- | YDXCP |
| -- | BAKER |
| -- | BTCTA |
| -- | VP@ |
| -- | SINIE |
| 050 00 - LIBRARY OF CONGRESS CALL NUMBER | |
| Classification number | QH308.2 |
| Item number | .B56448 2009 |
| 082 00 - DEWEY DECIMAL CLASSIFICATION NUMBER | |
| Classification number | 570 |
| Edition number | 22 |
| 245 00 - TITLE STATEMENT | |
| Title | Biology : |
| Remainder of title | concepts & connections / |
| Statement of responsibility, etc | Neil A. Campbell ... [et al.]. |
| 250 ## - EDITION STATEMENT | |
| Edition statement | 6th ed. |
| 260 ## - PUBLICATION, DISTRIBUTION, ETC. (IMPRINT) | |
| Place of publication, distribution, etc | San Francisco : |
| Name of publisher, distributor, etc | Pearson/Benjamin Cummings, |
| Date of publication, distribution, etc | c2009. |
| 300 ## - PHYSICAL DESCRIPTION | |
| Extent | xxxvii, 781, [100] p. : |
| Other physical details | ill. (chiefly col.), col. maps ; |
| Dimensions | 29 cm. |
| 500 ## - GENERAL NOTE | |
| General note | Includes index. |
| 504 ## - BIBLIOGRAPHY, ETC. NOTE | |
| Bibliography, etc | Includes index. |
| 650 #0 - SUBJECT ADDED ENTRY--TOPICAL TERM | |
| Topical term or geographic name as entry element | Biology |
| Form subdivision | Textbooks. |
| 700 1# - ADDED ENTRY--PERSONAL NAME | |
| Personal name | Campbell, Neil A., |
| Dates associated with a name | 1946-2004. |
| 942 ## - ADDED ENTRY ELEMENTS (KOHA) | |
| Source of classification or shelving scheme | Library of Congress Classification |
| Koha item type | Long Loan Books |
| Withdrawn status | Lost status | Source of classification or shelving scheme | Damaged status | Not for loan | Collection code | Home library | Current library | Shelving location | Date acquired | Total Checkouts | Full call number | Barcode | Date last seen | Date checked out | Price effective from | Koha item type | Checked out | Source of acquisition |
|---|---|---|---|---|---|---|---|---|---|---|---|---|---|---|---|---|---|---|
| Library of Congress Classification | Non-fiction | Rongo University Library | Rongo Town Campus Library | General Stacks | 19/02/2016 | QH308.2 .B56448 2008 | 201610199 | 29/03/2016 | 19/02/2016 | Long Loan Books | ||||||||
| Library of Congress Classification | Non-fiction | Rongo University Library | Rongo University Library | General Stacks | 09/11/2015 | 3 | QH308.2 .B56448 2009 | 20154746 | 12/05/2025 | 15/12/2015 | 09/11/2015 | Long Loan Books | ||||||
| Library of Congress Classification | Rongo University Library | Rongo University Library | General Stacks | 18/11/2015 | 2 | QH308.2.B564482008 | 20154751 | 15/12/2015 | 13/12/2015 | 18/11/2015 | Long Loan Books | |||||||
| Library of Congress Classification | Rongo University Library | Rongo University Library | 03/12/2015 | 1 | QH308.2 .B56448 2009 | 20158162 | 12/11/2024 | 22/10/2024 | 03/12/2015 | Long Loan Books | ||||||||
| Rongo University Library | Rongo University Library | 15/01/2016 | 1 | QH308.2.B564482008 | 20168602 | 12/04/2016 | 12/04/2016 | 15/01/2016 | Long Loan Books | 26/04/2016 | ||||||||
| Library of Congress Classification | Non-fiction | Rongo University Library | Rongo University Library | General Stacks | 21/04/2016 | QH308.2 .B56448 2008 | 201611386 | 21/04/2016 | 21/04/2016 | Long Loan Books | ||||||||
| Library of Congress Classification | Non-fiction | Rongo University Library | Rongo University Library | General Stacks | 21/04/2016 | QH308.2 .B56448 2008 | 201611385 | 21/04/2016 | 21/04/2016 | Long Loan Books | ||||||||
| Library of Congress Classification | Non-fiction | Rongo University Library | Rongo University Library | General Stacks | 21/04/2016 | 3 | QH308.2 .B56448 2009 | 201611384 | 27/04/2019 | 28/03/2019 | 21/04/2016 | Long Loan Books | ||||||
| Rongo University Library | Rongo University Library | General Stacks | 08/07/2016 | QH 308.B5644 2008 | 201618170 | 08/07/2016 | 08/07/2016 | Long Loan Books | ||||||||||
| Library of Congress Classification | Non-fiction | Rongo University Library | Rongo University Library | General Stacks | 22/02/2018 | 2 | QH308.2.B56448 2008 | 201610173 | 17/10/2019 | 03/10/2019 | 22/02/2018 | Long Loan Books | ||||||
| Library of Congress Classification | Non-fiction | Rongo University Library | Rongo University Library | General Stacks | 24/09/2019 | QH308.2.B56448 2008 | 20154762 | 24/09/2019 | 24/09/2019 | Long Loan Books | ||||||||
| Library of Congress Classification | Non-fiction | Rongo University Library | Rongo University Library | General Stacks | 26/09/2019 | QH308.2 .B5644 2008 | 201901769 | 26/09/2019 | 26/09/2019 | Long Loan Books | ||||||||
| Library of Congress Classification | Rongo University Library | Rongo University Library | General Stacks | 07/10/2019 | Q308.2.B564482008 | 20154750 | 07/10/2019 | 07/10/2019 | Long Loan Books | |||||||||
| Library of Congress Classification | Non-fiction | Rongo University Library | Rongo University Library | General Stacks | 07/01/2026 | QH308.2 .B56448 2009 | 20260518 | 07/01/2026 | 07/01/2026 | Long Loan Books | Books for Africa, Donation | |||||||
| Library of Congress Classification | Non-fiction | Rongo University Library | Rongo University Library | General Stacks | 07/01/2026 | QH308.2 .B56448 2009 | 20260519 | 07/01/2026 | 07/01/2026 | Long Loan Books | Books for Africa, Donation |
